000 00561nam a22001937a 4500
999 _c195260
_d195260
005 20230315115942.0
010 _aENG-136414
020 _c10574.00
_a9789811042041
035 _aEN-119946
037 _bDBAD/PUB
082 _a515.243
100 _aNatarajan,P.N
245 _aClassical Summability Theory :
_cBy P.N Natarajan
250 _aFirst
260 _bSpringer Nature
_aSingapore
_c2017
270 _a152 Beach Road, #21-01/04 Gateway East
_bHyderabad
_e187921
300 _a130p.
_c23cm(hbk)
942 _2ddc
_cEN
_h515.243
_mPNN